Регионална библиотека "Любен Каравелов" - Русе

Село Баня, Карловско (Запис номер 189718)

MARC детайли
000 -Лидер
Контролно поле с фиксирана дължина 01558nam a2200361 c 4500
003 - Код на организацията, давaща контролен номер
Контролно поле BLK
005 - Дата и час на последна редакция
Контролно поле 20180422115654.0
008 - Елементи от данни с фиксирана дължина
fixed length control field 180411b bul|||||r ||||||| ||bul||
010 ## - Наследен системен номер
LC control number KNG00198764000
040 ## - Източник на каталожния запис
Идентификатор на билиотеката - собственик на записа BLK
041 ## - Код за език
Код за езика на текст/звукозапис или на отделно заглавие Български
Код за езика КДБФ Български
080 ## - УДК
Текстов определител УДК Хидротерапия (водотерапия). Балнеолечение. Курортотерапия - Лечение с бани, горещи бани, сауна, хладни бани, речно къпане, влажни фрикции, компреси, с "жива вода"(алкално активирана, с ph 9, 6;курорт
УДК код - определител по УДК 615.838
УДК определител (497.2-22)
УДК - код + определител 615.838(497.2-22)
100 1# - Редна дума - Автор
Автор Тодоров, Тодор Атанасов
Авторска отговорност първи автор
R(LIN) 370819
139 ## - Редно поле
Редна дума Тодоров, Тодор Атанасов
Авторски знак Тодо - Т 64
245 10 - Сведения за заглавието
Заглавие Село Баня, Карловско
Редно поле (дума) Тодор Атанасов Тодоров.
257 ## - Страна на издаване
Страна на създаване/издаване България
260 ## - Област на издателските данни
-- София
Име на издателя, разпространителя и проч. Медицина и физкултура
Година на издаване 1971
Печатница Пловдив : Д. Благоев
300 ## - Физическа характеристика
Страници 52 с.
Илюстрации и др. с ил.
Размери/Мащаб 18 см
380 ## - Жанр
Жанр География
490 1# - СЕРИИ (Колекции)
Име на серия Наши курорти
500 ## - Общи забележки
Забележка 5 076 тир.
650 #4 - Допълнително описание по предмет – тема
Основно описание – тема или топоним Курортотерапия - България
9 (RLIN) 160017
651 #4 - Допълнително описание по предмет - топоним
Географско понятие България
9 (RLIN) 241624
653 ## - Ключова дума – ненормативна
Ключова дума курорти
653 ## - Ключова дума – ненормативна
Ключова дума терапия
653 ## - Ключова дума – ненормативна
Ключова дума Баня
653 ## - Ключова дума – ненормативна
Ключова дума Карловско
852 ## - Местоположение
Форматна сигнатура Цб І 12345
856 4# - Електронен адрес и достъп
Електронен формат pdf - файл
Път до файла /url/
856 4# - Електронен адрес и достъп
Електронен формат pdf - файл
Път до файла /url/
942 ## - АРТИКУЛИ
Вид на библиотечния материал Книги
Скрит в OPAC Не
944 ## - СЪЗДАВАНЕ И РЕДАКЦИЯ на ЗАПИСА
Създаване/Редакция Създаване
Дата на регистрацията/редакция 28.12.2016
Служител, извършил регистрацията/редакцията Елиз_Шакирова
944 ## - СЪЗДАВАНЕ И РЕДАКЦИЯ на ЗАПИСА
Създаване/Редакция Редакция
Дата на регистрацията/редакция 28.12.2016
Служител, извършил регистрацията/редакцията Елиз_Шакирова
999 ## - СИСТЕМНИ КОНТРОЛНИ НОМЕРА
Koha biblionumber 189718
Koha biblioitemnumber 189718
Наличности
Код за отписване Код за изгубен артикул Източник на класификационната схема Код за повреда Коз за рестрикции Код за отдаване Артикулен № Име на библиотеката - собственик Име на библиотеката, в която се намира в момента Статус (Текущо местоположение) Дата на вписване в системата Местоположение - отдел Цена в лева Инвентарен номер Систематично азбучна сигнатура Баркод Номер на екземпляра Цена в евро Служебна бележка Служебен тип на артикула Бележка за публиката
  Не е изгубен Universal Decimal Classification Не е повреден само за читалня ползва се в читалня 333909 Регионална библиотека "Любен Каравелов" Русе Регионална библиотека "Любен Каравелов" Русе Хранилище 1971-01-01 Хранилище 0.12 99149 Цб І 12345 120000099149 1 0.06 Дост: Dp Вид: Д N: стар фонд Дата: 01.01.1971 Книги  
Изтеглен Не е изгубен Universal Decimal Classification Не е повреден без рестрикции заемане за дома 333910 Регионална библиотека "Любен Каравелов" Русе Регионална библиотека "Любен Каравелов" Русе Заемна - подръчен фонд 1971-01-01 Заемна - подръчен фонд 0.12 98083 П 615.83/Т 64 98083 2 0.06 Дост: Pk Вид: Ф N: стар фонд Дата: 01.01.1971 Дата инв: 15.02.2018 Бележки инв: П2018 Книги  
Изтеглен Не е изгубен   Не е повреден без рестрикции заемане за дома 333911 Регионална библиотека "Любен Каравелов" Русе Регионална библиотека "Любен Каравелов" Русе   1971-01-01 Заемна - подръчен фонд 0.12 98084 П 615.83/Т 64 98084 3 0.06 Дост: Pk Вид: Ф N: стар фонд Дата: 01.01.1971 Книги Отч.N: 11/2018 , Дата: 02.02.2018
Изтеглен Не е изгубен Universal Decimal Classification Не е повреден без рестрикции заемане за дома 333912 Регионална библиотека "Любен Каравелов" Русе Регионална библиотека "Любен Каравелов" Русе Заемна - подръчен фонд 1971-01-01 Заемна - подръчен фонд 0.12 98085 П 615.83/Т 64 98085 4 0.06 Дост: Pk Вид: Ф N: стар фонд Дата: 01.01.1971 Книги  
Vip Innovations Ltd, Rousse, Bulgaria 2025